| 000 | 00751nam a2200241Ia 4500 | ||
|---|---|---|---|
| 003 | OSt | ||
| 005 | 20220918181816.0 | ||
| 006 | a|||||r|||| 00| 0 | ||
| 007 | ta | ||
| 008 | 220917b |||||||| |||| 00| 0 eng d | ||
| 024 | _a28,687 | ||
| 037 | _cTextual | ||
| 040 |
_aARTS _cARTS _beng |
||
| 041 |
_2eng _aeng |
||
| 082 | _aO111,1(Q8441)x, L4 | ||
| 100 |
_aPremka Kaur comp _959300 |
||
| 245 | 0 |
_aPeace lagoon _b The songs of Guru Nanak Guru Amar Das Guru Ram Das Guru Arjun and Guru Gobind Singh |
|
| 260 |
_aCalifornia _bSpirit Community _c1974 |
||
| 300 |
_a221p. _ccm. |
||
| 650 |
_aENGLISH LITERATURE; ENGLISH POETRY _927908 |
||
| 942 |
_hO111,1(Q8441)x, L4 _cTEXL _2CC |
||
| 999 |
_c166913 _d166913 |
||